logo

Bir Sreshtho Munshi Abdur Rouf Library
Jhenaidah Cadet College

Longmans colour geographies : (Record no. 8882)

MARC details
000 -LEADER
fixed length control field 01291cas a2200337 a 4500
001 - CONTROL NUMBER
JCCL Control Number 8882
003 - CONTROL NUMBER IDENTIFIER
JCCL marc code BD-JhCC
005 - DATE AND TIME OF LATEST TRANSACTION
control field 20180621121048.0
008 - FIXED-LENGTH DATA ELEMENTS--GENERAL INFORMATION
fixed length control field 970211u199uuuuusa br p 0 0eng
022 ## - INTERNATIONAL STANDARD SERIAL NUMBER
International Standard Serial Number 1027-2593
035 ## - SYSTEM CONTROL NUMBER
system control number (BD-JhCC)8882
040 ## - CATALOGING SOURCE
Original cataloging agency DLC
Transcribing agency DLC
Modifying agency OCLCQ
-- DLC
-- OCLCQ
-- OCLCO
-- OCLCQ
-- OCLCF
-- OCLCO
-- BD-JhCC
041 ## - LANGUAGE CODE
Language code of Book eng
050 00 - LIBRARY OF CONGRESS CALL NUMBER
Classification number TN115
Item number .M56
082 00 - DEWEY DECIMAL CLASSIFICATION NUMBER
Classification number 622/.0968
DDC Edition number 20
Author mark and Year HAR 1999
100 ## - MAIN ENTRY--PERSONAL NAME
Personal name Herdman, T.
245 00 - TITLE STATEMENT
Title Longmans colour geographies :
Remainder of title Mining in Southern Africa /
Statement of responsibility, etc T. Herdman
260 ## - PUBLICATION, DISTRIBUTION, ETC. (IMPRINT)
Place of publication, distribution, etc Harare, Zimbabwe :
Name of publisher, distributor, etc Published by Press Trust for Southern Africa on behalf of the Southern African Development Community (SADC) Mining Sector Co-ordinating Unit
300 ## - PHYSICAL DESCRIPTION
Pagination v. :
Other physical details ill. (some col.) ;
Dimensions 30 cm.
321 ## - FORMER PUBLICATION FREQUENCY
Former publication frequency Quarterly,
-- <1995>-2nd quarter 1999
650 #0 - SUBJECT ADDED ENTRY--TOPICAL TERM
Topical term or geographic name as entry element Mines and mineral resources
Geographic subdivision Africa, Southern
Form subdivision Periodicals.
650 #0 - SUBJECT ADDED ENTRY--TOPICAL TERM
Topical term or geographic name as entry element Mining engineering
Geographic subdivision Africa, Southern
Form subdivision Periodicals.
650 #0 - SUBJECT ADDED ENTRY--TOPICAL TERM
Topical term or geographic name as entry element Mineral industries
Geographic subdivision Africa, Southern
Form subdivision Periodicals.
650 #7 - SUBJECT ADDED ENTRY--TOPICAL TERM
Topical term or geographic name as entry element Mineral industries.
650 #7 - SUBJECT ADDED ENTRY--TOPICAL TERM
Topical term or geographic name as entry element Mines and mineral resources.
650 #7 - SUBJECT ADDED ENTRY--TOPICAL TERM
Topical term or geographic name as entry element Mining engineering.
651 #7 - SUBJECT ADDED ENTRY--GEOGRAPHIC NAME
Geographic name Africa, Southern.
655 #7 -
Genre/form data or focus term Periodicals.
Source of term fast
942 ## - ADDED ENTRY ELEMENTS (KOHA)
Source of classification or shelving scheme Dewey Decimal Classification
Koha item type Books
Holdings
Source of classification or shelving scheme Damaged status Not for loan Home library Current library Shelving location Total Checkouts Full call number Barcode Date last seen Copy number Koha item type
Dewey Decimal Classification     JCC Rouf Library JCC Rouf Library General Stacks   622/.0968 HER 1999 10986 03/05/2018 C - 1 Books

JCC Library | Contacts | JCC Home

Last Update on 23 September 2017
Copyright @ 2017-2020 JCC Rouf Library
Rouf Library, Jhenidah Cadet College (JCC), Bangladesh